000
00380nam a2200133Ia 4500
003
GCL
008
140319s9999 xx 000 0 ara d
040
_a
GCL /
_c
GCL
082
0
4
_a
796.32
_b
م ه
100
1
_a
محمد عبدالرحيم اسماعيل
245
1
0
_a
الهجوم فى كرة السلة /
_c
محمد عبدالرحيم اسماعيل
300
_a
285 ص
490
_a
999
_c
43318
_d
43318